000 00876nam a2200253Ia 4500
003 OSt
005 20220923223716.0
006 a|||||r|||| 00| 0
007 ta
008 220922b |||||||| |||| 00| 0 hin d
024 _a220,419
037 _cTextual
040 _aARTS
_cARTS
_bhin
041 _2hin
_ahin
082 _aO152,1(Q224):g, P3
100 _aश्रीवास्तव, मोहिनी
245 0 _aखड़ी बोली के रामकाव्य में युगचेतना
246 _aKhaड़ī bolī ke rāmakāvya mean yugachetanā
260 _aमेरठ
_b राहुल
_c2003
300 _a288i`
_ccm.
650 _aहिन्दी साहित्य
_9156264
942 _hO152,1(Q224):g, P3
_cTEXL
_2CC
999 _c366882
_d366882